Oldest City Buildings - Statistics

General Stats
  • This quiz has been taken 11 times
  • The average score is 13 of 28
Answer Stats
Year
Built
Answer Building Name % Correct
1680 Boston Paul Revere House
100%
1652 New York Wyckoff House
100%
1698 Philadelphia Old Swedes' Church
100%
1765 Baltimore Robert Long House
78%
1712 Charleston Pink House
78%
1724 San Antonio Long Barrack at Alamo
78%
1753 New Orleans Old Urseline Convent
67%
1737 Richmond Old Stone House
67%
1664 Salem Pickering House
67%
1200 Santa Fe De Vargas Street House
67%
1754 Savannah Pirate's House
67%
1759 Albany 48 Hudson Avenue
56%
1707 Providence Stephen Hopkins House
56%
1769 Raleigh Wakefield
44%
1723 St Augustine Gonzalez-Alvarez House
44%
1695 Williamsburg William & Mary Hall
44%
1720 Hartford Sarah Whitman Hooker House
33%
1640 Plymouth Richard Sparrow House
33%
1740 Fall River Borden-Winslow House
22%
1638 Gloucester Thomas Rigg's House
22%
1719 Lancaster Herr House
22%
1684 New Haven Ward-Heitmann House
22%
1661 Kingston Matthewis Persen House
11%
1725 New Bedford 811 Shawmut Ave
11%
1728 Poughkeepsie Freer House
11%
1746 Provincetown Seth Nickerson House
11%
1699 Wilmington DE Old Swede's Trinity
11%
1738 Wilmington NC Mitchell-Anderson House
11%
No matching quizzes found
Score Distribution
Percent of People with Each Score
Percentile by Number Answered
Your Score History
You have not taken this quiz